Tự học đàm thoại tiếng Hàn trong giao tiếp hằng ngày

সংরক্ষণ করুন:
গ্রন্থ-পঞ্জীর বিবরন
প্রধান লেখক: Đỗ, Thái Hòa
বিন্যাস: গ্রন্থ
ভাষা:Undetermined
প্রকাশিত: Thành phố Hồ Chí Minh Tổng hợp Thành phố Hồ Chí Minh 2004
বিষয়গুলি:
ট্যাগগুলো: ট্যাগ যুক্ত করুন
কোনো ট্যাগ নেই, প্রথমজন হিসাবে ট্যাগ করুন!
Thư viện lưu trữ: Trung tâm Học liệu Trường Đại học Cần Thơ
LEADER 00695nam a2200205Ia 4500
001 CTU_93709
008 210402s9999 xx 000 0 und d
020 |c 26000 
082 |a 495.7 
082 |b H401 
100 |a Đỗ, Thái Hòa 
245 0 |a Tự học đàm thoại tiếng Hàn trong giao tiếp hằng ngày 
245 0 |c Đỗ Thái Hòa; Park Joong Woon hiệu đính 
260 |a Thành phố Hồ Chí Minh 
260 |b Tổng hợp Thành phố Hồ Chí Minh 
260 |c 2004 
650 |a Korean language 
650 |x Study methods,Study and teaching 
904 |i Năm 
980 |a Trung tâm Học liệu Trường Đại học Cần Thơ